000 00268nam a2200121Ia 4500
008 170620s9999 xx 000 0 und d
100 _aFINAR - I L
245 0 _aORGANIC CHEMISTRY 6TH
260 _bPEARSON
260 _c2006
300 _a965
546 _aEnglish
690 _aORGANIC CHEMISTRY
999 _c30892
_d30892